Normal view
MARC view
- Moreno, Montserrat
Entry Nombre Personal
001 - NUMERO DE CONTROL
- campo de control: 29686
003 - IDENTIFICADOR DE NUMERO DE CONTROL
- campo de control: UPN
005 - FECHA Y HORA DE LA ÜLTIMA TRANSACCIÓN
- campo de control: 20220117155009.0
008 - DATOS DE LONGITUD FIJA
- campo de control de longitud fija: nabaccnnaabn|||||||||| b |nc|||||d
035 ## - NUMERO DE CONTROL
- Número de control: UPN11000001792
040 ## - FUENTE DE CATALOGACIÓN
- Agencia original de catalogación: UPN
- Lenguaje de catalogación: SPA
- Agencia de transcripción: UPN
100 1# - ENCABEZAMIENTO - NOMBRE PERSONAL
- Nombre personal: Moreno, Montserrat
400 1# - VEÁSE - NOMBRE DE PERSONA
- Personal name: Moreno Marimón, Montserrat
670 ## - FUENTE EN LA QUE SE LOCALIZARON DATOS
- Cita de la fuente: Ciencia, aprendizaje y comunicación, 1988:
- Información localizada: portada (Montserrat Moreno)
670 ## - FUENTE EN LA QUE SE LOCALIZARON DATOS
- Cita de la fuente: Cómo construimos universos : amor, cooperación y conflicto, 2010:
- Información localizada: portada (Montserrat Moreno Marimón)
902 ## - CATALOGADOR
- Catalogador: DAA/210708
